000 01980nam a22003017a 4500
005 20090511103413.0
008 090511t xxu||||| |||| 00| 0 pun d
010 _aB-395898-902
020 _c150.00
_a8171428924
020 _c150.00
_a9788171428922
035 _aB-395898--902
037 _bਨੇਸ਼ਨਲ ਬੁਕ ਸ਼ਾਪ
040 _adpl
_bpn
082 _a300
100 _aਕੋਟਭਾਈ, ਗੁਰਦਿਆਲ ਸਿੰਘ
_9619
245 _aਪਿੰਡ ਤੋਂ ਸ਼ਹਿਰ ਦੇਸ ਤੋਂ ਪ੍ਰਦੇਸ /
_cਗੁਰਦਿਆਲ ਸਿੰਘ
246 _aPind ton Shehar des pardes
_bby Gurdial Singh kotbhai
260 _aਚੰਡੀਗਡ਼
_bਲੋਕ ਗੀਤ ਪ੍ਰਕਾਸਨ
_c2009
270 _aS.C.O-26-27, Sector-34,
_bChandigarh
_e160022
_k0172-5077427, 5077428
300 _a103 ਪੰ.
_c22 ਸੇਮੀ (ਸਜਿ਼ਲਦ)
942 _2ddc
_cPN
_h300
_mਕੋਟਭਾ
999 _c37170
_d37170